Score 0/93 Timer 12:00
0 Plays Today
Years % Correct
2006-2007Shinzo Abe
93.5%
1939-1940Nobuyuki Abe
93.2%
1941-1944Hideki Tojo
87.7%
2001-2003Junichiro Koizumi
87.3%
2003-2005Junichiro Koizumi
87.3%
2005-2006Junichiro Koizumi
87.3%
2008-2009Taro Aso
85.3%
2009-PresentYukio Hatoyama
84.2%
1954-1955Ichiro Hatoyama
83.9%
1955Ichiro Hatoyama
83.9%
1955-1956Ichiro Hatoyama
83.9%
1885-1888Hirobumi Ito
81.2%
1892-1896Hirobumi Ito
81.2%
1898Hirobumi Ito
81.2%
1900-1901Hirobumi Ito
81.2%
1976-1978Takeo Fukuda
81.2%
2007-2008Yasuo Fukuda
81.2%
2000Yoshiro Mori
75.7%
2000-2001Yoshiro Mori
75.7%
1964-1967Eisaku Sato
73.3%
1967-1970Eisaku Sato
73.3%
1970-1972Eisaku Sato
73.3%
1946-1947Shigeru Yoshida
71.2%
1948-1949Shigeru Yoshida
71.2%
1949-1952Shigeru Yoshida
71.2%
1952-1953Shigeru Yoshida
71.2%
1953-1954Shigeru Yoshida
71.2%
1927-1929Giichi Tanaka
69.5%
1945Kantaro Suzuki
69.5%
1972-1972Kakuei Tanaka
69.5%
1972-1974Kakuei Tanaka
69.5%
Years % Correct
1980-1982Zenko Suzuki
69.5%
1937-1939Fumimaro Konoe
67.5%
1940-1941Fumimaro Konoe
67.5%
1941Fumimaro Konoe
67.5%
1982-1983Yasuhiro Nakasone
65.8%
1983-1986Yasuhiro Nakasone
65.8%
1986-1987Yasuhiro Nakasone
65.8%
1913-1914Gonbe Yamamoto
63.4%
1922-1924Gonbe Yamamoto
63.4%
1889-1891Aritomo Yamagata
62.7%
1898-1900Aritomo Yamagata
62.7%
1918-1921Takashi Hara
62.7%
1922-1923Tomosaburo Kato
61.6%
1924-1926Takaaki Kato
61.6%
1996Ryutaro Hashimoto
61.3%
1996-1998Ryutaro Hashimoto
61.3%
1901-1906Taro Katsura
60.3%
1908-1911Taro Katsura
60.3%
1912-1913Taro Katsura
60.3%
1906-1908Kinmochi Saionji
59.2%
1911-1912Kinmochi Saionji
59.2%
1932-1934Makoto Saito
58.9%
1898Shigenobu Okuma
58.2%
1914-1916Shigenobu Okuma
58.2%
1921-1922Korekiyo Takahashi
58.2%
1957-1958Nobusuke Kishi
58.2%
1958-1960Nobusuke Kishi
58.2%
1960Hayato Ikeda
57.9%
1960-1963Hayato Ikeda
57.9%
1963-1964Hayato Ikeda
57.9%
1931-1932Tsuyoshi Inukai
57.2%
Years % Correct
1945Prince Naruhiko Higashikuni
56.2%
1937Senjuro Hayashi
55.8%
1916-1918Masatake Terauchi
54.1%
1926-1927Reijiro Wakatsuki
53.4%
1931Reijiro Wakatsuki
53.4%
1945-1946Kijuro Shidehara
53.4%
1948Hitoshi Ashida
53.4%
1934-1936Keisuke Okada
53.1%
1989Sosuke Uno
52.7%
1994Tsutomu Hata
52.4%
1974-1976Takeo Miki
51%
1891-1892Masayoshi Matsukata
49%
1896-1898Masayoshi Matsukata
49%
1978-1979Masayoshi Ohira
49%
1979-1980Masayoshi Ohira
49%
1989-1990Toshiki Kaifu
47.6%
1990-1991Toshiki Kaifu
47.6%
1924Keigo Kiyoura
46.6%
1944-1945Kuniaki Koiso
44.9%
1888-1889Kiyotaka Kuroda
42.8%
1956-1957Tanzan Ishibashi
38.4%
1929-1931Osachi Hamaguchi
33.9%
1947-1948Tetsu Katayama
32.2%
1998-2000Keizo Obuchi
29.1%
1939Kiichiro Hiranuma
24%
1936-1937Koki Hirota
23.3%
1994-1996Tomiichi Murayama
22.3%
1940Mitsumasa Yonai
19.9%
1993-1994Morihiro Hosokawa
18.5%
1987-1989Noboru Takeshita
17.8%
1991-1993Kiichi Miyazawa
17.8%
Remove Ads.
Support Sporcle.
Get the best of Sporcle when you Go Orange. This ad-free experience offers more features, more stats, and more fun while also helping to support Sporcle. Thank you for becoming a member.

You're not logged in!

Compare scores with friends on all Sporcle quizzes.
OR
Log In

Show Comments

Extras

Top Quizzes Today


Score Distribution

Your Account Isn't Verified!

In order to create a playlist on Sporcle, you need to verify the email address you used during registration. Go to your Sporcle Settings to finish the process.

Report this User

Report this user for behavior that violates our Community Guidelines.

Details: